000 00710nam a22002057a 4500
005 20251108164230.0
008 250721s1998 xx 000 0 ara d
082 1 4 _a327.12/ماع
100 1 _aماعوز، موشيه
245 1 0 _aسوريه و إسرائيل من الحرب إلى صناعة السلام /
264 1 _aعمان :
_bدار الجليل للنشر و الدراسات و الأبحاث الفلسطينية،
_c1998.
300 _a262ص
650 1 7 _aإتفاقيات السلام
650 1 7 _aإسرائيل
650 1 7 _aسورية
650 1 7 _aالنزاع العربي الإسرائيلي
700 1 _aوهيب، لينا
_eترجمة
942 _2ddc
_cBK
999 _c6998
_d6998